| 000 | 00546nam a2200193Ia 4500 | ||
|---|---|---|---|
| 005 | 20250326144858.0 | ||
| 008 | 250326s9999 xx 000 0 und d | ||
| 020 | _a81-7446-454-9 | ||
| 037 | _aTextbook | ||
| 040 |
_aFMSL _beng _cFMSL |
||
| 041 |
_aeng _2eng |
||
| 084 |
_aX:8obT P5 _qFMSL |
||
| 100 |
_aDogra D Ed. _9750258 |
||
| 245 | 0 |
_aManagement education : issues and predilections _cDogra D Ed. |
|
| 260 |
_aNew Delhi _bNew Delhi, Excel _c2005 |
||
| 300 | _ax,205 | ||
| 942 |
_cTB _hX:8obT P5 |
||
| 999 |
_c1305435 _d1305435 |
||